[Event "N4A5 Tarbes - Colomiers"]
[Site "?"]
[Date "2004.02.01"]
[Round "5.4"]
[White "Artis, François"]
[Black "Martinez, Benito"]
[Result "0-1"]
[WhiteElo "1680"]
[BlackElo "1760"]
[EventDate "2004.??.??"]
[PlyCount "96"]

1.e4 e5 2.Nc3 Nc6 3.f4 d6 4.Nf3 exf4 5.d4 g5 6.h4 Be7 7.Nd5 g4 8.Nxe7 Qxe7
9.Bxf4 Qxe4+ 10.Qe2 Qxe2+ 11.Bxe2 gxf3 12.Bxf3 Nxd4 13.Be4 Nf6 14.Bd3 Nd5 
15.Bd2 Bf5 16.Bxf5 Nxf5 17.O-O Nd4 18.c4 Nb6 19.Bg5 Ne6 20.Bf6 Rf8 21.Rac1
Kd7 22.b4 c5 23.bxc5 Nxc5 24.Bg7 Rfe8 25.Bh6 Ne6 26.Rxf7+ Re7 27.Rf3 Nd4 
28.c5 Nxf3+ 29.gxf3 Rg8+ 30.Kf2 dxc5 31.Rxc5 Rge8 32.Rc2 Re6 33.Bf4 Nd5 
34.Bg3 b6 35.a4 a6 36.Rd2 Kc6 37.Rc2+ Kb7 38.Rd2 Nf6 39.Kf1 Re3 40.Kf2 Ra3
41.Rc2 Nd5 42.Rd2 Kc6 43.Rc2+ Rc3 44.Rb2 Ree3 45.Kg2 Rxf3 46.Be1 Nf4+ 47.
Kh2 Rh3+ 48.Kg1 Rc1 0-1

[Event "N4A5 Tarbes - Colomiers"]
[Site "?"]
[Date "2004.02.01"]
[Round "5.3"]
[White "Phalippou, Philippe"]
[Black "Blesing, René"]
[Result "1-0"]
[WhiteElo "1790"]
[BlackElo "1750"]
[EventDate "2004.??.??"]
[PlyCount "103"]

1.c4 e5 2.Nc3 Nf6 3.g3 c6 4.Bg2 Bc5 5.e3 O-O 6.Nge2 d6 7.d4 Bb6 8.O-O Bg4 
9.b4 Nbd7 10.c5 Bc7 11.Bb2 exd4 12.exd4 d5 13.Qc2 Re8 14.Rfe1 Qe7 15.Qd2 
Qf8 16.a4 a6 17.Nf4 Bf5 18.Nd3 Rxe1+ 19.Rxe1 Re8 20.Ne2 Ne4 21.Bxe4 Bxe4 
22.f4 f6 23.Nf2 Bg6 24.Nc3 Rxe1+ 25.Qxe1 Qe8 26.Qxe8+ Bxe8 27.b5 axb5 28.
axb5 Ba5 29.b6 Nf8 30.f5 Bd7 31.g4 g6 32.fxg6 hxg6 33.Ne2 Bd2 34.Bc1 Be1 
35.h3 f5 36.Nd3 Bh4 37.Ne5 Bc8 38.Bh6 Bf6 39.Bxf8 Bxe5 40.gxf5 Bxf5 41.
dxe5 Kxf8 42.Nd4 Bc8 43.h4 Ke7 44.Kf2 Bd7 45.Kg3 Be8 46.Kf4 Bd7 47.Kg5 Be8
48.Nb3 Ke6 49.Na5 Kxe5 50.Nxb7 Ke6 51.Nd6 d4 52.b7 1-0

[Event "N4A5 Tarbes - Colomiers"]
[Site "?"]
[Date "2004.02.01"]
[Round "5.2"]
[White "Alladaye, René"]
[Black "Langlois, Jérôme"]
[Result "0-1"]
[WhiteElo "1740"]
[BlackElo "1850"]
[EventDate "2004.??.??"]
[PlyCount "110"]

1.Nf3 d5 2.c4 c6 3.b3 Nf6 4.Bb2 Bf5 5.d3 e6 6.g3 Bb4+ 7.Nbd2 Nbd7 8.cxd5 
cxd5 9.Bg2 Rc8 10.Rc1 O-O 11.O-O Rxc1 12.Qxc1 Qc8 13.Qa1 Qb8 14.Rc1 Rc8 
15.a3 Ba5 16.b4 Bb6 17.Rxc8+ Qxc8 18.Ne5 Nxe5 19.Bxe5 Ne8 20.Qc3 Qxc3 21.
Bxc3 Nd6 22.a4 f6 23.e4 dxe4 24.dxe4 Bg6 25.e5 fxe5 26.Bxe5 Nf7 27.Nc4 
Nxe5 28.Nxe5 Bc2 29.Bxb7 Bxa4 30.Bc8 Bb3 31.Kf1 Bd4 32.f4 Kf8 33.Bd7 Bc3 
34.b5 Ke7 35.Bc8 Bxe5 36.fxe5 Bc4+ 37.Ke1 Bxb5 38.Bb7 Kd7 39.Kd2 Kc7 40.
Be4 h6 41.Kc3 a5 42.Kb3 Kb6 43.Kc3 Kc5 44.Bf3 a4 45.h4 Bc4 46.Bd1 a3 47.g4
a2 48.Kb2 Kd4 49.g5 hxg5 50.hxg5 Kxe5 51.Bc2 Kf4 52.g6 e5 53.Ka1 e4 54.Bd1
e3 55.Kb2 Kg3 0-1

[Event "N4A5 Tarbes - Colomiers"]
[Site "?"]
[Date "2004.02.01"]
[Round "5.1"]
[White "Rich, Philippe"]
[Black "Hantisse, Alain"]
[Result "0-1"]
[WhiteElo "1930"]
[BlackElo "1870"]
[EventDate "2004.??.??"]
[PlyCount "114"]

1.c4 Nf6 2.Nc3 g6 3.e4 d6 4.d4 Bg7 5.Be2 O-O 6.Bg5 Nc6 7.d5 Nb8 8.Nf3 e5 
9.O-O h6 10.Bh4 g5 11.Bg3 Nh5 12.Nd2 Nxg3 13.hxg3 f5 14.exf5 Bxf5 15.Nde4 
Nd7 16.Bg4 Bxg4 17.Qxg4 Nf6 18.Nxf6+ Qxf6 19.Ne4 Qf5 20.Qxf5 Rxf5 21.b4 b6
22.c5 bxc5 23.bxc5 dxc5 24.Rac1 Bf8 25.Nxc5 Rd8 26.Rfe1 Bxc5 27.Rxc5 Rf7 
28.Rec1 a6 29.Ra5 Rd6 30.Rc6 Rfd7 31.Rxd6 Rxd6 32.Rc5 Kf8 33.Kf1 Ke8 34.
Ke2 Kd7 35.Ke3 Rb6 36.Ra5 Kd6 37.Ke4 Rb4+ 38.Kf5 Rb2 39.Rxa6+ Kxd5 40.f3 
Rxg2 41.g4 Rf2 42.Rxh6 Rxf3+ 43.Kxg5 e4 44.Rh8 c5 45.Rd8+ Kc4 46.Re8 e3 
47.Kh4 Kd3 48.Rd8+ Kc3 49.Re8 Kd2 50.Rd8+ Ke1 51.g5 e2 52.g6 Kf1 53.Re8 
Rf2 54.Kh5 Rh2+ 55.Kg5 e1=Q 56.Rxe1+ Kxe1 57.g7 Rxa2 0-1

[Event "N4A5 Muret - Auch"]
[Site "?"]
[Date "2004.02.01"]
[Round "5.8"]
[White "Blondelon, Paul"]
[Black "Costes, Laurent"]
[Result "0-1"]
[WhiteElo "1440"]
[BlackElo "1780"]
[EventDate "2004.??.??"]
[PlyCount "90"]

1.e4 d6 2.d4 Nf6 3.Nc3 g6 4.Nf3 Bg7 5.Be3 O-O 6.Bd3 Nbd7 7.Qd2 Ng4 8.h3 
Nxe3 9.Qxe3 c5 10.O-O cxd4 11.Nxd4 a6 12.Nd5 e6 13.Nc3 Qb6 14.Nb3 Qxe3 15.
fxe3 Bxc3 16.bxc3 b6 17.Rab1 Ne5 18.Nd2 b5 19.Nf3 Nd7 20.a3 Nc5 21.Nd4 Bb7
22.Nb3 Nxe4 23.Bxe4 Bxe4 24.Rf2 Rac8 25.Nd4 Rxc3 26.Rb3 Rfc8 27.Rd2 d5 28.
Kf2 e5 29.Ne2 Rxc2 30.Rb2 Rxd2 31.Rxd2 Rc2 32.Rxc2 Bxc2 33.Ke1 f5 34.g3 
Kf7 35.Kd2 Be4 36.h4 h6 37.Kc3 g5 38.hxg5 hxg5 39.Kb4 Bd3 40.Nc3 Ke6 41.
Kc5 Bc4 42.a4 bxa4 43.Nxa4 f4 44.gxf4 g4 45.Nc3 g3 0-1

[Event "N4A5 Muret - Auch"]
[Site "?"]
[Date "2004.02.01"]
[Round "5.7"]
[White "Camilleri, Hervé"]
[Black "Devecchi, Jorge"]
[Result "1-0"]
[WhiteElo "1790"]
[BlackElo "1440"]
[EventDate "2004.??.??"]
[PlyCount "103"]

1.e4 e5 2.Nf3 Nc6 3.Bc4 d6 4.h3 Be7 5.Nc3 f5 6.d3 h6 7.Nd5 Nf6 8.Nxf6+ 
Bxf6 9.exf5 Bxf5 10.Be3 Qd7 11.c3 Be6 12.Bb5 a6 13.Ba4 d5 14.Bxc6 Qxc6 15.
Nxe5 Qd6 16.Qh5+ Kd8 17.d4 c6 18.O-O Rf8 19.Bf4 Qe7 20.Rfe1 Bf7 21.Qf5 
Bxe5 22.Rxe5 Qd7 23.Rae1 Qxf5 24.Rxf5 Kd7 25.Bg3 Be6 26.Rxf8 Rxf8 27.Be5 
Rf7 28.Re3 g6 29.g4 b5 30.Kg2 a5 31.a3 a4 32.Kg3 Ke7 33.Rf3 Rxf3+ 34.Kxf3 
g5 35.Bg7 Kf7 36.Bxh6 Kg6 37.Bf8 Kf6 38.Kg3 Bf7 39.f4 Bg6 40.fxg5+ Kxg5 
41.Be7+ Kh6 42.Kf4 Be4 43.h4 Kg6 44.h5+ Kf7 45.Bd6 Ke6 46.Be5 Kf7 47.g5 
Bh7 48.g6+ Bxg6 49.hxg6+ Kxg6 50.Bd6 Kf6 51.Bb4 Ke6 52.Kg5 1-0

[Event "N4A5 Muret - Auch"]
[Site "?"]
[Date "2004.02.01"]
[Round "5.6"]
[White "Bougouin, Blaise"]
[Black "Pastorelli, Loïc"]
[Result "0-1"]
[WhiteElo "1550"]
[BlackElo "1890"]
[EventDate "2004.??.??"]
[PlyCount "100"]

1.Nf3 Nf6 2.g3 g6 3.Bg2 Bg7 4.O-O O-O 5.d4 d6 6.b3 Nbd7 7.Bb2 Ng4 8.Nbd2 
c5 9.Rb1 cxd4 10.Bxd4 e5 11.Bb2 Nb6 12.c4 f5 13.Ne1 Qe7 14.Nc2 Be6 15.f3 
Nh6 16.Qe1 d5 17.cxd5 Nxd5 18.Qf2 Rac8 19.Ba3 Qc7 20.Bxf8 Bxf8 21.Nc4 b5 
22.N4e3 Bc5 23.f4 Nxe3 24.Nxe3 Ng4 25.Nxg4 Bxf2+ 26.Nxf2 exf4 27.Nd3 fxg3 
28.hxg3 Qxg3 29.Rf3 Qd6 30.Nf4 Rc2 31.Nxe6 Qxe6 32.Rf2 Qe3 33.Bd5+ Kg7 34.
Kf1 Rc1+ 35.Rxc1 Qxc1+ 36.Kg2 Qg5+ 37.Kf1 f4 38.e4 fxe3 39.Rf7+ Kh6 40.Bf3
Qg3 41.Be2 Qh3+ 42.Ke1 Qh1+ 43.Rf1 Qd5 44.Rg1 Qd2+ 45.Kf1 g5 46.Rh1+ Kg6 
47.Rh2 Qc1+ 48.Kg2 Qe1 49.Bxb5 Qd2+ 50.Kh1 Qd5+ 0-1

[Event "N4A5 Muret - Auch"]
[Site "?"]
[Date "2004.02.01"]
[Round "5.5"]
[White "Partinico, Jeremy"]
[Black "Rouède, Gilbert"]
[Result "1/2-1/2"]
[WhiteElo "1880"]
[BlackElo "1810"]
[EventDate "2004.??.??"]
[PlyCount "73"]

1.e4 c5 2.Nf3 d6 3.Bb5+ Bd7 4.Bxd7+ Qxd7 5.c4 Nc6 6.d4 cxd4 7.Nxd4 Nf6 8.
Nc3 g6 9.Nde2 Bg7 10.O-O O-O 11.f3 Rfd8 12.Be3 Ne5 13.b3 b6 14.Qd2 Rac8 
15.Rad1 Qb7 16.Nf4 e6 17.Nd3 Nxd3 18.Qxd3 h6 19.Nb5 Ne8 20.Bd4 Bxd4+ 21.
Qxd4 a6 22.Nc3 b5 23.cxb5 axb5 24.Rc1 Rd7 25.Qe3 Rdc7 26.Ne2 Rxc1 27.Rxc1 
Rxc1+ 28.Qxc1 Qa7+ 29.Kf1 Qxa2 30.Nd4 b4 31.Qc4 Qd2 32.Nc6 Qd1+ 33.Kf2 
Qd2+ 34.Kg3 Qg5+ 35.Kf2 Qd2+ 36.Kf1 Qd1+ 37.Kf2 1/2-1/2

[Event "N4A5 Muret - Auch"]
[Site "?"]
[Date "2004.02.01"]
[Round "5.4"]
[White "Join, Etienne"]
[Black "Luneau, Gilles"]
[Result "0-1"]
[WhiteElo "1790"]
[BlackElo "1985"]
[EventDate "2004.??.??"]
[PlyCount "58"]

1.d4 b5 2.e4 Bb7 3.f3 a6 4.Bf4 e6 5.Nd2 c5 6.Ne2 Nf6 7.c4 Nh5 8.Bg3 Nxg3 
9.hxg3 Qa5 10.cxb5 axb5 11.Nc3 c4 12.a3 d5 13.exd5 Bxd5 14.Nxd5 exd5 15.
Qe2+ Kd7 16.Qe5 b4 17.a4 Nc6 18.Qf5+ Ke8 19.f4 h6 20.b3 Be7 21.bxc4 Nxd4 
22.Qd3 Bf6 23.Ra2 Kd7 24.cxd5 Rhc8 25.Nf3 b3+ 26.Rd2 Rc3 27.Qb1 Rac8 28.
Kf2 Rxf3+ 29.gxf3 Qxd2+ 0-1

[Event "N4A5 Muret - Auch"]
[Site "?"]
[Date "2004.02.01"]
[Round "5.3"]
[White "Carpentier, Jean-Christophe"]
[Black "Pokee, Anne-Josèphe"]
[Result "1-0"]
[WhiteElo "2087"]
[BlackElo "2000"]
[EventDate "2004.??.??"]
[PlyCount "115"]

1.e4 e5 2.Nf3 Nc6 3.Bc4 d6 4.c3 Bg4 5.d4 exd4 6.Qb3 Qd7 7.Nxd4 Na5 8.Bxf7+
Qxf7 9.Qb5+ Bd7 10.Qxa5 Nf6 11.Qxc7 Nxe4 12.O-O Qd5 13.Na3 Be7 14.Be3 Rc8 
15.Nab5 Bd8 16.c4 Bxc7 17.Nxc7+ Rxc7 18.cxd5 Nf6 19.Bf4 Rc4 20.Rad1 Nxd5 
21.Bxd6 Kf7 22.Nf3 Ke6 23.Ba3 Bc6 24.Rfe1+ Kf6 25.b3 Rc2 26.Rd2 Rxd2 27.
Nxd2 Nf4 28.f3 Re8 29.Rxe8 Bxe8 30.Nc4 Bc6 31.Bb2+ Kf7 32.Ne5+ Kf8 33.Ba3+
Ke8 34.Nxc6 bxc6 35.Kf2 Kd7 36.g3 Nd5 37.Bf8 g6 38.a3 a6 39.Ke2 Ke6 {=} 
40.Kd3 Kf7 41.Bc5 Ke6 42.Kc4 Kf5 43.Bd4 Ke6 44.Kc5 Kd7 45.a4 Kc7 46.b4 Nb6
47.a5 Nd5 48.h3 Ne7 49.g4 Nd5 50.f4 Ne7 51.Be5+ Kb7 52.Bc3 Nd5 53.Bd2 Nf6 
54.Kd4 h5 55.g5 Nd7 56.Ke4 Kc7 57.f5 gxf5+ 58.Kxf5 1-0

[Event "N4A5 Muret - Auch"]
[Site "?"]
[Date "2004.02.01"]
[Round "5.2"]
[White "Golic, Nadil"]
[Black "Noailles, Thierry"]
[Result "0-1"]
[WhiteElo "1970"]
[BlackElo "2080"]
[EventDate "2004.??.??"]
[PlyCount "92"]

1.d4 b5 2.e4 Bb7 3.Bd3 Nf6 4.f3 a6 5.Be3 e6 6.Ne2 Be7 7.O-O d6 8.Nd2 O-O 
9.Ng3 c5 10.c3 cxd4 11.cxd4 Nc6 12.Qe2 Nb4 13.Rfc1 Nxd3 14.Qxd3 Rc8 15.b4 
Nd7 16.Nb3 d5 17.Rxc8 Qxc8 18.Nc5 Nb6 19.e5 Nc4 20.f4 g6 21.Nf1 Qc6 22.Nd2
a5 23.Nxb7 Qxb7 24.bxa5 Nxa5 25.Rb1 Nc4 26.Nxc4 dxc4 27.Qxc4 Qe4 28.Qc1 
Ba3 29.Qe1 Rc8 30.Bd2 Qxd4+ 31.Qe3 Qd5 32.Qe1 Rc2 33.Rd1 Bb4 34.Qh4 Rxd2 
35.Rxd2 Qxd2 36.h3 Qe1+ 37.Qxe1 Bxe1 38.Kf1 Bd2 39.g3 h5 40.Ke2 Bc1 41.Kf3
Kf8 42.g4 hxg4+ 43.hxg4 Ke7 44.Ke4 Kd7 45.f5 g5 46.fxe6+ Kxe6 0-1

[Event "N4A5 Muret - Auch"]
[Site "?"]
[Date "2004.02.01"]
[Round "5.1"]
[White "Bouthier, Jacques"]
[Black "Le Gallen, Luc"]
[Result "0-1"]
[WhiteElo "2011"]
[BlackElo "2170"]
[EventDate "2004.??.??"]
[PlyCount "62"]

1.e4 c5 2.Nf3 e6 3.d4 cxd4 4.Nxd4 a6 5.Nc3 Qc7 6.Be3 Nf6 7.Qd2 Bb4 8.f3 
Nc6 9.a3 Be7 10.g4 h6 11.O-O-O b5 12.Nxc6 dxc6 13.Ne2 Bb7 14.Bg2 c5 15.h4 
Rd8 16.Qc3 Rxd1+ 17.Rxd1 a5 18.g5 hxg5 19.hxg5 b4 20.Qc4 Nd7 21.Bf4 Qc6 
22.Qd3 Ba6 23.Qe3 bxa3 24.bxa3 e5 25.Bg3 Bxe2 26.Qxe2 Bxg5+ 27.Kb1 O-O 28.
Qc4 Nb6 29.Qc3 Na4 30.Qa1 Qb5+ 31.Ka2 Qc4+ 0-1

[Event "R2N4 Ramonville 3 - L'Union"]
[Site "L'Union"]
[Date "2004.02.01"]
[Round "4.4"]
[White "Raulin, Dimitri"]
[Black "Carpousis, Alicia"]
[Result "1-0"]
[WhiteElo "1399"]
[BlackElo "1099"]
[EventDate "2004.??.??"]
[PlyCount "123"]

1.e4 e5 2.Nf3 d6 3.d4 exd4 4.Nxd4 Nf6 5.Nc3 d5 6.Bg5 dxe4 7.Nxe4 h6 8.Bxf6
gxf6 9.c3 Qe7 10.Bd3 Bg7 11.O-O f5 12.Ng3 Qf6 13.Re1+ Be6 14.Ngxf5 O-O 15.
Nxg7 Kxg7 16.Nxe6+ fxe6 17.Qg4+ Kf7 18.Re3 Nc6 19.Rf3 Rad8 20.Rxf6+ Kxf6 
21.Qg6+ Ke7 22.Qg7+ Rf7 23.Qg6 Ne5 24.Qg3 Nxd3 25.Rd1 Nxf2 26.Rxd8 Kxd8 
27.Qg8+ Ke7 28.h3 e5 29.Qg3 e4 30.Qxc7+ Kf8 31.Qc5+ Re7 32.Qxf2+ Ke8 33.
Qxa7 e3 34.Kf1 e2+ 35.Ke1 Rf7 36.Qe3+ Re7 37.Qxh6 Kd8 38.Qf8+ Kd7 39.Qxe7+
Kxe7 40.Kxe2 Kd7 41.g4 Ke6 42.Kf3 Kf6 43.Kf4 b5 44.h4 Kg6 45.h5+ Kh6 46.
Kf5 Kh7 47.g5 Kg7 48.b3 Kg8 49.c4 bxc4 50.bxc4 Kh8 51.c5 Kg8 52.c6 Kf7 53.
c7 Ke7 54.c8=Q Kd6 55.Qe6+ Kc5 56.g6 Kd4 57.g7 Kd3 58.g8=R Kc2 59.Qd6 Kb1 
60.Rc8 Ka1 61.Rc2 Kb1 62.Qd1# 1-0

[Event "R2N4 Ramonville 3 - L'Union"]
[Site "L'Union"]
[Date "2004.02.01"]
[Round "4.3"]
[White "Bouet, Arnaud"]
[Black "Schawlb, Boris"]
[Result "0-1"]
[WhiteElo "1170"]
[BlackElo "1399"]
[EventDate "2004.??.??"]
[PlyCount "110"]

1.c4 c5 2.Nc3 d6 3.Nf3 Nc6 4.g3 Nf6 5.Bg2 g6 6.O-O Bg7 7.d3 O-O 8.Bg5 Nd4 
9.Nxd4 cxd4 10.Nb5 Qb6 11.Qd2 a6 12.Na3 Re8 13.Rac1 Nd7 14.Qf4 Qxb2 15.Bd5
e6 16.Be4 Qxa3 17.Rb1 e5 18.Qh4 Nc5 19.Bd5 Qxa2 20.e3 dxe3 21.fxe3 Nb3 22.
Bxf7+ Kh8 23.Bxe8 $2 
    ( 23.Bxg6 $1 )
23...Nd2 24.Rf2 Qxb1+ 25.Kg2 Qxd3 26.Bf6 Be6 27.Bxg7+ Kxg7 28.Qf6+ Kh6 29.
Qf8+ Kh5 30.h3 Qe4+ 31.Kh2 Bd7 32.g4+ Bxg4 33.hxg4+ Qxg4 34.Rxd2 Qh4+ 35.
Kg1 Qe1+ 36.Qf1 Qxd2 37.Qh3+ Kg5 38.Qg3+ Kf5 39.Bd7+ Ke4 40.Qg4+ Kd3 41.
Qh3 Qxe3+ 42.Kh2 Qxh3+ 43.Kxh3 Kxc4 44.Be6+ Kd4 45.Kg4 b5 46.Kf3 b4 47.Ke2
Kc3 48.Kd1 b3 49.Kc1 b2+ 50.Kb1 Rf8 51.Bh3 Rf2 52.Ka2 Kc2 53.Bd7 b1=Q+ 54.
Ka3 Kc1 55.Bc8 Ra2# 0-1

[Event "R2N4 Ramonville 3 - L'Union"]
[Site "L'Union"]
[Date "2004.02.01"]
[Round "4.2"]
[White "Eymond, Jean"]
[Black "Bouet, Jean-Yves"]
[Result "0-1"]
[WhiteElo "1410"]
[BlackElo "1499"]
[EventDate "2004.??.??"]
[PlyCount "62"]

1.d4 Nf6 2.Nf3 e6 3.a3 d5 4.e3 c5 5.dxc5 Bxc5 6.Nc3 O-O 7.b4 Bd6 8.h3 Nc6 
9.Bb2 a6 10.Bd3 h6 11.O-O Bd7 12.Ne2 Qc7 13.c4 Ne5 14.Ned4 Nxd3 15.Qxd3 
dxc4 16.Qc2 b5 17.Rad1 Rad8 18.Ne2 e5 19.Nc3 Rfe8 20.Nd5 Nxd5 21.Rxd5 Bc6 
22.Rdd1 Bxf3 23.gxf3 Re6 24.Rfe1 Rg6+ 25.Kf1 Qc6 26.e4 Re8 27.Rd5 f6 28.
Red1 Bc7 29.f4 exf4 30.e5 fxe5 31.Qxg6 Qxg6 0-1

[Event "R2N4 Ramonville 3 - L'Union"]
[Site "L'Union"]
[Date "2004.02.01"]
[Round "4.1"]
[White "Nicq-Beothy, Ambre"]
[Black "Ivanoff, Dimitri"]
[Result "1-0"]
[WhiteElo "1590"]
[BlackElo "1440"]
[EventDate "2004.??.??"]
[PlyCount "69"]

1.c3 d5 2.d4 e6 3.Nf3 h6 4.Ne5 c5 5.Bf4 Qf6 6.e3 a6 7.Nd2 c4 8.Be2 Nd7 9.
Ndf3 g5 10.Nxd7 Bxd7 11.Be5 Qg6 12.Bxh8 f6 13.Ne5 fxe5 14.Bh5 Ne7 15.Bxe5 
b5 16.Bxg6+ Nxg6 17.Qh5 Kf7 18.O-O Be8 19.Bc7 Rc8 20.Bb6 Kg7 21.Bc5 Nf4 
22.Bxf8+ Kxf8 23.Qxh6+ Kg8 24.exf4 Rc7 25.Qxe6+ Bf7 26.Qe5 Rc6 27.Qxg5+ 
Rg6 28.Qd8+ Kg7 29.Rfe1 a5 30.Qxa5 b4 31.Qxb4 Be6 32.Qe7+ Bf7 33.Re5 Kh8 
34.Qf8+ Bg8 35.Rh5+ 1-0

[Event "R2N4 Albi - Figeac"]
[Site "Albi"]
[Date "2004.02.01"]
[Round "4.4"]
[White "Hegray, Charlie"]
[Black "Lopez Michelone, Manuel"]
[Result "1/2-1/2"]
[WhiteElo "1280"]
[BlackElo "1310"]
[EventDate "2004.??.??"]
[PlyCount "130"]

1.d4 d5 2.Nc3 e6 3.Nf3 Bb4 4.Bd2 Nf6 5.a3 Be7 6.Bf4 a6 7.e3 Nh5 8.Be5 O-O 
9.g4 f6 10.Bg3 Nxg3 11.hxg3 Nd7 12.Qd3 f5 13.Bh3 Nb6 14.Ne5 Qe8 15.b3 Bd6 
16.f4 Bxe5 17.fxe5 Qe7 18.Bg2 Bd7 19.Rh5 Be8 20.Rh4 Qg5 21.O-O-O Bg6 22.
Kb1 fxg4 23.e4 Rf2 24.Bh1 Raf8 25.Ne2 Rf1 26.Nf4 Rxd1+ 27.Qxd1 Qe7 28.Kb2 
Bxe4 29.Bxe4 dxe4 30.Qxg4 e3 31.Nxe6 Rf2 32.Rxh7 Kxh7 33.Ng5+ Kg8 34.Qh5 
Qxg5 35.Qxg5 e2 36.Qe3 Rh2 37.a4 Nd5 38.Qe4 Nb4 39.e6 Nxc2 40.Kc3 e1=Q+ 
41.Qxe1 Nxe1 42.d5 Re2 43.Kd4 Kf8 44.b4 Ke7 45.b5 a5 46.b6 Rc2 47.bxc7 
Rxc7 48.Ke5 Rc5 49.g4 Nf3+ 50.Ke4 Ng5+ 51.Kd4 Rc1 52.Ke5 Re1+ 53.Kf5 Nxe6 
54.dxe6 Rxe6 55.g5 Kf8 56.Kxe6 Kg8 57.Kd5 Kf7 58.Kc5 Kg6 59.Kb6 Kxg5 60.
Kxb7 Kf6 61.Kb6 Ke7 62.Kxa5 Kd7 63.Kb6 Kc8 64.a5 Kb8 65.a6 Ka8 1/2-1/2

[Event "R2N4 Albi - Figeac"]
[Site "Albi"]
[Date "2004.02.01"]
[Round "4.3"]
[White "Martinez, Cristian"]
[Black "Rouqual, Olivier"]
[Result "1-0"]
[WhiteElo "1330"]
[BlackElo "1380"]
[EventDate "2004.??.??"]
[PlyCount "121"]

1.e4 e5 2.Nf3 Nf6 3.d3 Bc5 4.Bg5 h6 5.Bh4 d6 6.h3 O-O 7.d4 Bb6 8.Nc3 c6 9.
dxe5 dxe5 10.Nxe5 Qxd1+ 11.Rxd1 Ba5 12.Bxf6 gxf6 13.Nc4 Bb4 14.a3 Bxc3+ 
15.bxc3 b5 16.Ne3 Re8 17.Bd3 Na6 18.Ng4 Kg7 19.O-O Nc5 20.Rfe1 Bxg4 21.
hxg4 Rad8 22.f3 Na4 23.c4 Nb2 24.Rb1 bxc4 25.Rxb2 cxd3 26.cxd3 Rxd3 27.Ra2
Red8 28.a4 a5 29.Rc2 Rd1 30.Rxd1 Rxd1+ 31.Kf2 Rd4 32.Rxc6 Rxa4 33.Rc5 Ra3 
34.Kg3 a4 35.Ra5 Ra1 36.Kf4 Kg6 37.Ra6 Kg7 38.Kf5 a3 39.Rxf6 a2 40.Ra6 Kf8
41.Kf6 Ke8 42.e5 Kd7 43.Kxf7 h5 44.g5 Re1 45.Rxa2 Rxe5 46.Ra7+ Kd6 47.Ra6+
Kd7 48.Kf6 Re2 49.Ra7+ Ke8 50.Rh7 Rxg2 51.Rxh5 Rf2 52.Ke6 Rxf3 53.Rh8+ Rf8
54.Rxf8+ Kxf8 55.Kf6 Kg8 56.Kg6 Kh8 57.Kf7 Kh7 58.g6+ Kh8 59.g7+ Kh7 60.
g8=Q+ Kh6 61.Qg6# 1-0

[Event "R2N4 Albi - Figeac"]
[Site "Albi"]
[Date "2004.02.01"]
[Round "4.2"]
[White "Hegray, Romain"]
[Black "Lambolez, Alexandre"]
[Result "0-1"]
[WhiteElo "1600"]
[BlackElo "1470"]
[EventDate "2004.??.??"]
[PlyCount "82"]

1.e4 d6 2.d4 Nf6 3.Nc3 g6 4.Be3 Bg7 5.f4 O-O 6.Qd2 Re8 7.O-O-O c6 8.Be2 b5
9.e5 Nfd7 10.Ne4 d5 11.Ng5 Nb6 12.h4 f6 13.N5f3 Nc4 14.Bxc4 bxc4 15.h5 Bf5
16.hxg6 Bxg6 17.Nh4 Be4 18.Ngf3 Qc8 19.Rhg1 Nd7 20.g4 Nf8 21.f5 Qb7 22.g5 
Rab8 23.c3 Qa6 24.gxf6 Qxa2 25.Rxg7+ Kh8 26.Rg8+ Kxg8 27.Qg2+ Ng6 28.f7+ 
Kxf7 29.fxg6+ Bxg6 30.Ng5+ Kg7 31.Ne6+ Kg8 32.b4 Qb1+ 33.Kd2 Qd3+ 34.Ke1 
Qxe3+ 35.Qe2 Qxc3+ 36.Rd2 Qg3+ 37.Qf2 Qxf2+ 38.Rxf2 Rxb4 39.Kf1 c3 40.Nxg6
hxg6 41.Rg2 Rb1+ 0-1

[Event "R2N4 Albi - Figeac"]
[Site "Albi"]
[Date "2004.02.01"]
[Round "4.1"]
[White "Martinez, Loïc"]
[Black "Luis, Henri"]
[Result "0-1"]
[WhiteElo "1570"]
[BlackElo "1740"]
[EventDate "2004.??.??"]
[PlyCount "82"]

1.e4 c5 2.Nf3 Nc6 3.d4 cxd4 4.Nxd4 e6 5.a3 Nf6 6.Bg5 Qa5+ 7.Bd2 Qe5 8.Nf3 
Qxe4+ 9.Be2 Bc5 10.Nc3 Qg4 11.O-O Nd4 12.Nxd4 Qxd4 13.Nb5 Qe5 14.Bc3 Qb8 
15.Bxf6 gxf6 16.b4 Be7 17.Bf3 a6 18.Nc3 Qe5 19.Qd3 Rb8 20.Rad1 b5 21.Rfe1 
Qc7 22.Qe3 Bb7 23.Bxb7 Qxb7 24.g3 h5 25.Rd4 Rc8 26.Re2 Qc6 27.Nd5 Rg8 28.
h4 Rg4 29.Rxg4 hxg4 30.Nxe7 Kxe7 31.Kh2 Qc3 32.Kg2 Qxe3 33.fxe3 Rc3 34.Kf2
d5 35.Rd2 f5 36.Re2 Kf6 37.Ke1 Rxa3 38.Kd2 d4 39.h5 Kg5 40.Rh2 dxe3+ 41.
Ke2 Kh6 0-1

[Event "R1D5 Vic-de-Bigorre - Ste Foy"]
[Site "?"]
[Date "2004.02.01"]
[Round "5.6"]
[White "Moreau, Emilien"]
[Black "Thimonier, Victor"]
[Result "0-1"]
[WhiteElo "1370"]
[BlackElo "1380"]
[EventDate "2004.??.??"]
[PlyCount "58"]

1.c4 e6 2.d4 d5 3.e3 c6 4.Nc3 Nf6 5.Nf3 Be7 6.Be2 Nbd7 7.O-O O-O 8.Qc2 b6 
9.b3 Bb7 10.Bb2 c5 11.Nb5 a6 12.Na3 Re8 13.Qd3 Bd6 14.Bd1 e5 15.dxe5 Nxe5 
16.Bxe5 Bxe5 17.Rc1 Bb2 18.Bc2 Bxa3 19.Rb1 dxc4 20.Qxc4 Qd5 21.Qh4 Qh5 22.
Qa4 Bb4 23.Bd3 b5 24.Bxb5 axb5 25.Qxb5 Bxf3 26.gxf3 Qxf3 27.Rb2 Bc3 28.Rc2
Qg4+ 29.Kh1 Qe4+ 0-1

[Event "R1D5 Vic-de-Bigorre - Ste Foy"]
[Site "?"]
[Date "2004.02.01"]
[Round "5.5"]
[White "Prieur, Axel"]
[Black "Pelissier, Daniel"]
[Result "1-0"]
[WhiteElo "1510"]
[BlackElo "1330"]
[EventDate "2004.??.??"]
[PlyCount "137"]

1.e4 c6 2.c3 d5 3.exd5 cxd5 4.g3 Nf6 5.Bg2 Bg4 6.Qb3 b6 7.d3 e6 8.Nf3 Be7 
9.O-O O-O 10.Bg5 Nc6 11.Nbd2 Na5 12.Qc2 Rc8 13.Ne5 Bf5 14.Nb3 Nc6 15.Nxc6 
Rxc6 16.Nd4 Rc7 17.Nxf5 exf5 18.d4 Ne4 19.Bxe7 Rxe7 20.Rae1 Rfe8 21.Re3 
Qd6 22.Rfe1 g6 23.Qe2 Kg7 24.f3 Nxg3 25.Qf2 Nh5 26.Rxe7 Rxe7 27.Rxe7 Qxe7 
28.f4 Qc7 29.Bxd5 Qxf4 30.Qxf4 Nxf4 31.Bc4 Ne6 32.d5 Nc5 33.Bb5 Kf8 34.Kf2
Ke7 35.Ke3 Kd6 36.c4 f6 37.b4 Nd7 38.Kf4 Ne5 39.a3 h6 40.h3 Nd3+ 41.Ke3 
Ne5 42.Kd4 Nf3+ 43.Ke3 Ng5 44.Be8 Nxh3 45.Bxg6 f4+ 46.Ke4 Nf2+ 47.Kxf4 Nd1
48.Bd3 Nb2 49.Be2 h5 50.Kg3 f5 51.Kh4 f4 52.Kxh5 f3 53.Bf1 f2 54.Kg4 Nxc4 
55.Bxc4 f1=Q 56.Bxf1 Kxd5 57.Kf5 Kc6 58.Ke6 a5 59.b5+ Kc7 60.a4 Kc8 61.Kd6
Kb7 62.Bc4 Ka7 63.Kc6 Kb8 64.Kxb6 Ka8 65.Ka6 Kb8 66.Bd5 Kc7 67.b6+ Kb8 68.
b7 Kc7 69.Ka7 1-0

[Event "R1D5 Vic-de-Bigorre - Ste Foy"]
[Site "?"]
[Date "2004.02.01"]
[Round "5.4"]
[White "Sicret, Francis"]
[Black "Hochet, Yannick"]
[Result "1-0"]
[WhiteElo "1440"]
[BlackElo "1530"]
[EventDate "2004.??.??"]
[PlyCount "49"]

1.e4 c5 2.c3 d5 3.exd5 Qxd5 4.d4 e6 5.Nf3 Nc6 6.Be3 cxd4 7.Nxd4 Bc5 8.Qd3 
Ne5 9.Qd2 Bd7 10.b3 Nf6 11.c4 Qd6 12.Nc3 Bb4 13.Rd1 Ne4 14.Ndb5 Bxc3 15.
Nxd6+ Ke7 16.Nxe4 Bxd2+ 17.Rxd2 Bc6 18.f3 f5 19.Bc5+ Kf7 20.Nd6+ Kg6 21.h4
Bxf3 22.Rg1 Bg4 23.Be2 h5 24.g3 Bxe2 25.Kxe2 1-0

[Event "R1D5 Vic-de-Bigorre - Ste Foy"]
[Site "?"]
[Date "2004.02.01"]
[Round "5.3"]
[White "Labat, Jory"]
[Black "Ajdari, Emmanuel"]
[Result "1/2-1/2"]
[WhiteElo "1480"]
[BlackElo "1530"]
[EventDate "2004.??.??"]
[PlyCount "78"]

1.d4 d5 2.c4 c6 3.Nc3 e5 4.dxe5 d4 5.Ne4 Qa5+ 6.Nd2 Nd7 7.Nf3 Nxe5 8.Nxe5 
Qxe5 9.Nf3 Qa5+ 10.Bd2 Qb6 11.b3 Bc5 12.e3 dxe3 13.Qe2 Nf6 14.Bxe3 Bxe3 
15.Qxe3+ Qxe3+ 16.fxe3 Ne4 17.Bd3 Nc5 18.Bc2 Be6 19.O-O O-O-O 20.Ng5 h6 
21.Nxf7 Bxf7 22.Rxf7 g5 23.Rh7 Rxh7 24.Bxh7 Re8 25.Kf2 Ne4+ 26.Bxe4 Rxe4 
27.Rd1 Re6 28.Rd4 Kc7 29.Kf3 Kb6 30.h4 Rf6+ 31.Ke2 Kc7 32.hxg5 hxg5 33.Rg4
Rf5 34.Kd3 Kd6 35.e4 Re5 36.b4 b6 37.a4 a5 38.b5 cxb5 39.cxb5 Kc5 1/2-1/2

[Event "R1D5 Vic-de-Bigorre - Ste Foy"]
[Site "?"]
[Date "2004.02.01"]
[Round "5.2"]
[White "Galby, Vassili"]
[Black "Labat, Thierry"]
[Result "1-0"]
[WhiteElo "1730"]
[BlackElo "1499"]
[EventDate "2004.??.??"]
[PlyCount "53"]

1.e4 e5 2.Nf3 Nc6 3.d4 d6 4.dxe5 Qe7 5.Nc3 dxe5 6.Nd5 Qd6 7.c4 Nf6 8.c5 
Qd7 9.Bb5 Bxc5 10.Nxe5 Qd6 11.Nxc6 bxc6 12.Bf4 Bxf2+ 13.Kf1 Qc5 14.Nxc7+ 
Ke7 15.Qd6+ Qxd6 16.Bxd6+ Kxd6 17.Nxa8 cxb5 18.Kxf2 Nxe4+ 19.Ke3 Bb7 20.
Rad1+ Ke5 21.Nc7 a6 22.Rd7 f5 23.g3 g5 24.Rhd1 h5 25.Re7+ Kf6 26.Re6+ Kf7 
27.Rd7+ 1-0

[Event "R1D5 Vic - Ste Foy"]
[Site "?"]
[Date "2004.02.01"]
[Round "5.1"]
[White "Lavole, Olivier"]
[Black "Boulogne, Laurent"]
[Result "1/2-1/2"]
[WhiteElo "1610"]
[BlackElo "1790"]
[EventDate "2004.??.??"]
[PlyCount "83"]

1.e4 c5 2.Nf3 e6 3.d4 cxd4 4.Nxd4 Nc6 5.a3 Qc7 6.Nc3 a6 7.Be3 Nf6 8.g4 h6 
9.h4 Ne5 10.Be2 b5 11.Rg1 Bb7 12.f4 Nc4 13.Bxc4 Qxc4 14.e5 Nd5 15.Nxd5 
Qxd5 16.Nb3 Rc8 17.Qxd5 Bxd5 18.Nd4 Bc5 19.c3 Be7 20.Bf2 f6 21.exf6 Bxf6 
22.O-O-O Rf8 23.f5 e5 24.Nxb5 Bb3 25.Nd6+ Kd8 26.Bb6+ Rc7 27.Bxc7+ Kxc7 
28.Rd3 Be7 29.Ne4 Bxh4 30.Rh1 Be7 31.Re1 Bc4 32.Rh3 Re8 33.Kc2 Bb5 34.Nd2 
Bg5 35.Nb3 d5 36.Nc5 Kb6 37.Ne6 Bf6 38.b4 a5 39.bxa5+ Kxa5 40.Rb1 Ba4+ 41.
Kd3 Rc8 42.Kd2 1/2-1/2